[Event "Maravilhosa-ch op"]
[Site "Maravilhosa"]
[Date "2016.01.24"]
[Round "6"]
[White "Teixeira, Ricardo da Silva"]
[Black "Vilalba, Ricardo Pereira"]
[Result "1-0"]
[WhiteElo "2234"]
[BlackElo "1969"]
[PlyCount "67"]
[EventDate "2016.01.22"]
[EventType "swiss"]
[EventRounds "6"]
[EventCountry "BRA"]
[SourceTitle "CBM 170 Extra"]
[Source "ChessBase"]
[SourceDate "2016.02.25"]
[SourceVersion "1"]
[SourceVersionDate "2016.02.25"]
[SourceQuality "1"]

1. d4 Nf6 2. Nf3 g6 3. Nc3 Bg7 4. e4 d6 5. Be2 0-0 6. Be3 e5 7. dxe5 dxe5 8. Qxd8 Rxd8 9. Bg5 Re8 10. 0-0-0 c6 11. Nxe5 h6 12. Bxf6 Bxf6 13. Nc4 Be6 14. Nd6 Re7 15. f4 Bxc3 16. bxc3 Na6 17. f5 gxf5 18. exf5 Bd5 19. Bxa6 bxa6 20. c4 Rd8 21. c5 Bxa2 22. Rhe1 Kf8 23. g4 Bd5 24. h4 Bf3 25. Rxe7 Kxe7 26. Re1+ Kf8 27. g5 hxg5 28. hxg5 Bg4 29. f6 Kg8 30. Re7 Rd7 31. Nxf7 Rxe7 32. Nh6+ Kh7 33. fxe7 Bd7 34. Nf5 1-0

[Event "Rio de Janeiro CXG op 5th"]
[Site "Rio de Janeiro"]
[Date "2015.12.05"]
[Round "1.3"]
[White "Zacarias, Rodrigo Medeiros"]
[Black "Vilalba, Ricardo Pereira"]
[Result "1-0"]
[WhiteElo "2110"]
[BlackElo "1945"]
[PlyCount "55"]
[EventDate "2015.12.05"]
[EventType "swiss"]
[EventRounds "6"]
[EventCountry "BRA"]
[SourceTitle "EXT 2022"]
[Source "ChessBase"]
[SourceDate "2021.10.06"]
[SourceVersion "1"]
[SourceVersionDate "2021.10.06"]
[SourceQuality "1"]

1. e4 e6 2. d4 d5 3. Nc3 Nf6 4. Bg5 Be7 5. e5 Nfd7 6. Bxe7 Qxe7 7. f4 a6 8. Nf3 c5 9. dxc5 Nc6 10. Bd3 Qxc5 11. Qd2 b5 12. 0-0-0 b4 13. Na4 Qa5 14. b3 Nc5 15. Nxc5 Qxc5 16. Kb1 a5 17. h4 Ba6 18. Bxa6 Rxa6 19. Qd3 Ra7 20. h5 h6 21. g4 a4 22. g5 axb3 23. cxb3 Qf2 24. Rd2 Qg3 25. Rc2 Ne7 26. gxh6 gxh6 27. Qb5+ Rd7 28. Rc7 1-0

[Event "Rio de Janeiro Primavera op"]
[Site "Rio de Janeiro"]
[Date "2015.11.21"]
[Round "6"]
[White "De Lima, Juarez Antonio"]
[Black "Vilalba, Ricardo Pereira"]
[Result "1-0"]
[WhiteElo "1793"]
[BlackElo "1958"]
[PlyCount "43"]
[EventDate "2015.11.07"]
[EventType "swiss"]
[EventRounds "6"]
[EventCountry "BRA"]
[SourceTitle "CBM 169 Extra"]
[Source "ChessBase"]
[SourceDate "2015.12.18"]
[SourceVersion "1"]
[SourceVersionDate "2015.12.18"]
[SourceQuality "1"]

1. d3 e6 2. g3 Nf6 3. Nc3 d5 4. Bg2 c5 5. e4 Nc6 6. Bg5 d4 7. Nce2 Be7 8. Nf3 Qc7 9. 0-0 0-0 10. Re1 e5 11. h3 h6 12. Bd2 b5 13. Nh2 c4 14. f4 Bd6 15. Nf3 Qb6 16. Kh2 Nd7 17. f5 cxd3 18. cxd3 Nb4 19. Bxb4 Bxb4 20. Rf1 Bb7 21. g4 f6 22. Qb3+ 1-0

[Event "Rio de Janeiro Estadual-ch"]
[Site "Rio de Janeiro"]
[Date "2015.10.10"]
[Round "1"]
[White "Vilalba, Ricardo Pereira"]
[Black "Fucs, Paulo Moses"]
[Result "0-1"]
[WhiteElo "1915"]
[BlackElo "2140"]
[PlyCount "152"]
[EventDate "2015.10.10"]
[EventType "swiss"]
[EventRounds "6"]
[EventCountry "BRA"]
[SourceTitle "CBM 168 Extra"]
[Source "ChessBase"]
[SourceDate "2015.10.29"]
[SourceVersion "1"]
[SourceVersionDate "2015.10.29"]
[SourceQuality "1"]

1. Nf3 Nf6 2. c4 c5 3. Nc3 b6 4. g3 Bb7 5. Bg2 g6 6. b3 Bg7 7. Bb2 0-0 8. 0-0 d6 9. d4 cxd4 10. Qxd4 Nc6 11. Qd2 a6 12. Nd5 Ne8 13. Bxg7 Nxg7 14. Nd4 Nxd4 15. Qxd4 Bxd5 16. Qxd5 Rb8 17. Rfd1 Qc7 18. Rac1 Rfd8 19. Bh3 Qc5 20. e4 Ne8 21. e5 Qxd5 22. Rxd5 e6 23. Rd2 dxe5 24. Re2 Kg7 25. Rxe5 Rd2 26. a4 Kf6 27. Re3 Rbd8 28. Bg4 h5 29. Be2 Nc7 30. c5 b5 31. axb5 axb5 32. c6 Ra2 33. Kf1 Ke7 34. Rc5 Rdd2 35. Bxb5 Rxf2+ 36. Ke1 Rxh2 37. Be2 Kd6 38. Rc1 Nd5 39. Rd1 Kxc6 40. Bf3 Rac2 41. Red3 h4 42. gxh4 Rxh4 43. Kf1 Rf4 44. Kg1 Rf5 45. Be4 Rg5+ 46. Kf1 Kc5 47. Rf3 Rh2 48. Rdd3 Rh7 49. Kf2 Re5 50. Bxd5 Rxd5 51. Rc3+ Kd6 52. Rc8 Rf5 53. Rxf5 gxf5 54. b4 Rh3 55. Rf8 Rb3 56. Rxf7 Rxb4 57. Ra7 Ke5 58. Ra6 Re4 59. Kf3 Kf6 60. Ra8 Rb4 61. Ra6 Rc4 62. Rb6 Rc1 63. Kf4 Rf1+ 64. Kg3 Rd1 65. Kf4 Rd4+ 66. Kf3 Ke5 67. Rb5+ Rd5 68. Rb4 Rd3+ 69. Ke2 Rh3 70. Ra4 f4 71. Ra5+ Kf6 72. Ra6 Kf5 73. Ra5+ e5 74. Kf2 Rb3 75. Ke2 f3+ 76. Kf2 Kf4 0-1

[Event "Rio de Janeiro Estadual op"]
[Site "Rio de Janeiro"]
[Date "2014.08.03"]
[Round "4"]
[White "Medeiros Jr, Jorge Luiz Cabral"]
[Black "Vilalba, Ricardo Pereira"]
[Result "0-1"]
[WhiteElo "2282"]
[BlackElo "1855"]
[PlyCount "57"]
[EventDate "2014.08.02"]
[EventType "swiss"]
[EventRounds "6"]
[EventCountry "BRA"]
[SourceTitle "CBM 162 Extra"]
[Source "ChessBase"]
[SourceDate "2014.10.17"]
[SourceVersion "1"]
[SourceVersionDate "2014.10.17"]
[SourceQuality "1"]

1. e4 e6 2. d3 d5 3. Nd2 Nf6 4. Ngf3 c5 5. g3 Nc6 6. Bg2 Bd6 7. 0-0 0-0 8. Re1 Qc7 9. c3 b5 10. Qe2 Nd7 11. Nf1 a5 12. Ne3 Nb6 13. Nc2 b4 14. e5 Be7 15. Bf4 Na4 16. cxb4 cxb4 17. Ne3 Qb6 18. Qc2 b3 19. Qxb3 Qxb3 20. axb3 Nxb2 21. d4 Nd3 22. Red1 Nxf4 23. gxf4 Bd7 24. f5 Rab8 25. Rab1 Rb6 26. Ne1 Rfb8 27. Bh3 Rxb3 28. Rxb3 Rxb3 29. fxe6 0-1

[Event "Guanabara III IRT 201"]
[Site "Guanabara"]
[Date "2014.07.26"]
[Round "6.2"]
[White "Vilalba, Ricardo Pereira"]
[Black "Ramos, Angelo Bil"]
[Result "0-1"]
[WhiteElo "1855"]
[BlackElo "2090"]
[PlyCount "86"]
[EventDate "2014.07.05"]
[EventType "swiss"]
[EventRounds "6"]
[EventCountry "BRA"]
[SourceTitle "EXT 2022"]
[Source "ChessBase"]
[SourceDate "2021.10.06"]
[SourceVersion "1"]
[SourceVersionDate "2021.10.06"]
[SourceQuality "1"]

1. c4 Nf6 2. Nf3 g6 3. g3 c6 4. b3 Bg7 5. Bb2 0-0 6. Bg2 d5 7. 0-0 Nbd7 8. d3 Re8 9. Nc3 e5 10. cxd5 Nxd5 11. Rc1 N7b6 12. Nd2 Bh6 13. a3 Bg4 14. h3 Be6 15. Nxd5 Bxd5 16. Rc2 Bxg2 17. Kxg2 Qd5+ 18. Kg1 Rad8 19. Qa1 f6 20. Ne4 Nd7 21. b4 Bg7 22. Rfc1 Qe6 23. Kh2 Nb6 24. Nc5 Qf7 25. a4 Bh6 26. e3 Nd5 27. b5 Nb4 28. Rc4 Nxd3 29. Nxd3 Rxd3 30. bxc6 bxc6 31. Rxc6 Rd2 32. R1c2 Bxe3 33. Rc7 Rxf2+ 34. Rxf2 Qxc7 35. Rxf6 Qc2+ 36. Kh1 Qe4+ 37. Kh2 Kg7 38. Rd6 Re7 39. Qd1 Qf5 40. Rd3 Qf2+ 41. Kh1 Qxg3 42. Qf1 Rf7 43. Qg2 Qe1+ 0-1

[Event "Guanabara III IRT 201"]
[Site "Guanabara"]
[Date "2014.07.26"]
[Round "5.2"]
[White "Vilalba, Ricardo Pereira"]
[Black "Santos Filho, Tadeu Souza"]
[Result "1-0"]
[WhiteElo "1855"]
[BlackElo "2083"]
[PlyCount "51"]
[EventDate "2014.07.05"]
[EventType "swiss"]
[EventRounds "6"]
[EventCountry "BRA"]
[SourceTitle "EXT 2022"]
[Source "ChessBase"]
[SourceDate "2021.10.06"]
[SourceVersion "1"]
[SourceVersionDate "2021.10.06"]
[SourceQuality "1"]

1. c4 Nf6 2. Nf3 g6 3. g3 Bg7 4. Bg2 0-0 5. 0-0 d6 6. Nc3 Nc6 7. Rb1 h6 8. b4 Be6 9. b5 Na5 10. d3 c5 11. bxc6 bxc6 12. Ba3 Rb8 13. Rxb8 Qxb8 14. Qa4 Qc7 15. Bb4 Nb7 16. Qxa7 Nd7 17. Rb1 Rc8 18. Na4 Nbc5 19. Bxc5 dxc5 20. Rb7 Qd8 21. Nxc5 Nxc5 22. Qxc5 Bf6 23. Ne5 Qd6 24. Qxd6 exd6 25. Nxc6 d5 26. Bxd5 1-0

[Event "Guanabara III IRT 201"]
[Site "Guanabara"]
[Date "2014.07.19"]
[Round "3.1"]
[White "Manzi, Luiz Antonio Bardao"]
[Black "Vilalba, Ricardo Pereira"]
[Result "1-0"]
[WhiteElo "2070"]
[BlackElo "1855"]
[PlyCount "67"]
[EventDate "2014.07.05"]
[EventType "swiss"]
[EventRounds "6"]
[EventCountry "BRA"]
[SourceTitle "EXT 2022"]
[Source "ChessBase"]
[SourceDate "2021.10.06"]
[SourceVersion "1"]
[SourceVersionDate "2021.10.06"]
[SourceQuality "1"]

1. d4 Nf6 2. c4 g6 3. Nc3 Bg7 4. e4 d6 5. Nf3 0-0 6. Be2 e5 7. 0-0 Nc6 8. d5 Ne7 9. Ne1 Nd7 10. Be3 f5 11. f3 f4 12. Bf2 Nf6 13. c5 g5 14. Rc1 Ng6 15. cxd6 cxd6 16. Qb3 Rf7 17. Nb5 g4 18. Nxa7 g3 19. Bb6 gxh2+ 20. Kxh2 Qf8 21. Nxc8 Rxc8 22. Rxc8 Qxc8 23. Nd3 Nh5 24. Rc1 Qe8 25. Ne1 Ng3 26. Bb5 Qe7 27. Qc2 Qh4+ 28. Kg1 Qh1+ 29. Kf2 Nh4 30. Qc8+ Bf8 31. Qh3 Nxe4+ 32. fxe4 f3 33. Qxh1 fxg2+ 34. Kg1 1-0

[Event "BRA-ch U16"]
[Site "Tres Rios"]
[Date "2014.05.11"]
[Round "6.7"]
[White "Lage, Pedro Ferreira"]
[Black "Vilalba, Ricardo Pereira"]
[Result "1/2-1/2"]
[WhiteElo "1731"]
[BlackElo "1877"]
[PlyCount "86"]
[EventDate "2014.05.08"]
[EventType "swiss"]
[EventRounds "6"]
[EventCountry "BRA"]
[SourceTitle "EXT 2022"]
[Source "ChessBase"]
[SourceDate "2021.10.06"]
[SourceVersion "1"]
[SourceVersionDate "2021.10.06"]
[SourceQuality "1"]

1. Nf3 Nf6 2. c4 g6 3. g3 Bg7 4. Bg2 0-0 5. 0-0 c5 6. Nc3 Nc6 7. d3 d6 8. a3 a5 9. Rb1 h6 10. Ne1 Be6 11. Nc2 d5 12. cxd5 Nxd5 13. Nxd5 Bxd5 14. Bxd5 Qxd5 15. Bd2 b5 16. Qc1 Kh7 17. Ne3 Qd6 18. Bc3 Nd4 19. Bxd4 Bxd4 20. Qd2 a4 21. Rfc1 Rfb8 22. Qc2 Bxe3 23. fxe3 Rc8 24. Qc3 Qe6 25. e4 c4 26. Qd4 Rd8 27. Qe3 Rac8 28. d4 Qb6 29. Rd1 e5 30. Qf2 Kg7 31. dxe5 Qe6 32. Qf4 g5 33. Qf5 Qxf5 34. exf5 Rxd1+ 35. Rxd1 Rc5 36. g4 Rxe5 37. Kf2 h5 38. h3 hxg4 39. hxg4 Rc5 40. Ke3 c3 41. bxc3 Rxc3+ 42. Rd3 Rc4 43. Rd4 Rc3+ 1/2-1/2

[Event "BRA-ch U16"]
[Site "Tres Rios"]
[Date "2014.05.09"]
[Round "2.7"]
[White "Arimateia, Ary Amaral"]
[Black "Vilalba, Ricardo Pereira"]
[Result "0-1"]
[WhiteElo "1692"]
[BlackElo "1877"]
[PlyCount "100"]
[EventDate "2014.05.08"]
[EventType "swiss"]
[EventRounds "6"]
[EventCountry "BRA"]
[SourceTitle "EXT 2022"]
[Source "ChessBase"]
[SourceDate "2021.10.06"]
[SourceVersion "1"]
[SourceVersionDate "2021.10.06"]
[SourceQuality "1"]

1. e4 e6 2. d3 d5 3. Nd2 Nf6 4. g3 c5 5. Bg2 Nc6 6. Ngf3 Be7 7. 0-0 0-0 8. e5 Nd7 9. Re1 Qc7 10. Qe2 b5 11. h4 c4 12. d4 b4 13. Nf1 Qb6 14. Rd1 Ba6 15. c3 bxc3 16. bxc3 Qa5 17. Bd2 Rab8 18. Qe3 Rb2 19. a4 Nb6 20. N1h2 Nxa4 21. Ng4 Qb5 22. h5 Nb6 23. h6 g6 24. Qf4 Nd7 25. Qe3 Na5 26. Qe1 Nb3 27. Rab1 Nxd2 28. Rxb2 Nxf3+ 29. Bxf3 Qxb2 30. Rb1 Qc2 31. Ra1 Nb8 32. Qe3 Qb2 33. Ra4 Qb5 34. Bd1 Nd7 35. Qf4 Qb6 36. Rb4 Bb5 37. Ba4 a6 38. Kg2 Qc6 39. Bxb5 axb5 40. Rb1 Rb8 41. Ra1 Ra8 42. Nf6+ Nxf6 43. Rxa8+ Qxa8 44. exf6 Bf8 45. Qh4 Qa3 46. f4 Qxc3 47. f5 Qc2+ 48. Kh3 Qxf5+ 49. g4 Qf3+ 50. Kh2 c3 0-1

[Event "Rio de Janeiro State-ch op"]
[Site "Rio de Janeiro"]
[Date "2013.05.26"]
[Round "6"]
[White "Manzi, Luiz Antonio Bardao"]
[Black "Vilalba, Ricardo Pereira"]
[Result "1/2-1/2"]
[WhiteElo "2135"]
[BlackElo "1836"]
[PlyCount "95"]
[EventDate "2013.05.18"]
[EventType "swiss"]
[EventRounds "7"]
[EventCountry "BRA"]
[SourceTitle "EXT 2018"]
[Source "ChessBase"]
[SourceDate "2017.10.13"]
[SourceVersion "1"]
[SourceVersionDate "2017.10.13"]
[SourceQuality "1"]

1. d4 Nf6 2. Nf3 g6 3. g3 Bg7 4. Bg2 0-0 5. 0-0 d6 6. c4 c5 7. Nc3 Nc6 8. d5 Na5 9. Nd2 b6 10. Qc2 a6 11. Rb1 Bd7 12. e4 b5 13. b3 bxc4 14. Nxc4 Nxc4 15. bxc4 Rb8 16. Bd2 Qc7 17. Rxb8 Rxb8 18. Rb1 Ng4 19. h3 Ne5 20. Rxb8+ Qxb8 21. Qb3 Qxb3 22. axb3 Bxh3 23. f4 Bxg2 24. fxe5 Bf3 25. Kf2 Bg4 26. exd6 exd6 27. Ne2 Kf8 28. b4 Ke7 29. bxc5 dxc5 30. Be3 Kd6 31. Nc1 Bd4 32. Bxd4 cxd4 33. Nd3 f6 34. c5+ Kc7 35. Nb4 a5 36. Nc6 d3 37. Ke3 a4 38. Kxd3 a3 39. Nb4 h5 40. Kc3 g5 41. d6+ Kd7 42. Nd5 Be6 43. Nxf6+ Kc6 44. Nxh5 Kxc5 45. e5 Kd5 46. Nf6+ Kxe5 47. d7 Bxd7 48. Nxd7+ 1/2-1/2

[Event "Guanabara op 2nd"]
[Site "Rio de Janeiro"]
[Date "2013.04.27"]
[Round "4"]
[White "Vilalba, Ricardo Pereira"]
[Black "Maia, Marco Aurelio Ferre"]
[Result "1-0"]
[WhiteElo "1830"]
[BlackElo "2128"]
[PlyCount "139"]
[EventDate "2013.04.06"]
[EventType "swiss"]
[EventRounds "6"]
[EventCountry "BRA"]
[SourceTitle "EXT 2015"]
[Source "ChessBase"]
[SourceDate "2014.11.20"]
[SourceVersion "1"]
[SourceVersionDate "2014.11.20"]
[SourceQuality "1"]

1. c4 e5 2. Nc3 Nc6 3. g3 Bc5 4. Bg2 a6 5. d3 d6 6. Nf3 Bg4 7. 0-0 Qd7 8. a3 Bh3 9. b4 Bxg2 10. Kxg2 Ba7 11. e4 Nge7 12. Be3 Nd4 13. Bxd4 Bxd4 14. Nxd4 exd4 15. Nd5 h5 16. h3 Ng6 17. f4 Qd8 18. Qa4+ c6 19. c5 h4 20. g4 Kf8 21. Nb6 Rb8 22. Nc4 d5 23. Nd6 Qf6 24. Nf5 dxe4 25. dxe4 d3 26. Qb3 Kg8 27. e5 Qe6 28. Qxe6 fxe6 29. Nd4 Kf7 30. Rad1 Rbd8 31. Rxd3 Rd5 32. Kf3 Rhd8 33. Ke4 Ke7 34. Rfd1 Rf8 35. Ne2 Kd7 36. Rxd5+ cxd5+ 37. Ke3 Kc6 38. a4 Kc7 39. Rd2 Kd7 40. Rd3 Kc7 41. Ra3 Kc6 42. Rb3 Ne7 43. Kd4 Ng6 44. Rf3 Ne7 45. Nc1 g5 46. Nd3 Kd7 47. Ke3 gxf4+ 48. Rxf4 Ng6 49. Rxf8 Nxf8 50. b5 axb5 51. axb5 Ng6 52. Kd4 Kc7 53. Ke3 Kd7 54. Kf3 Kc7 55. g5 Kd7 56. Kg4 Ke7 57. Kh5 Kf7 58. c6 bxc6 59. bxc6 Ne7 60. c7 Ke8 61. Nc5 d4 62. g6 d3 63. Nxd3 Kd7 64. Nc5+ Kxc7 65. Nxe6+ Kd7 66. Nf4 Ke8 67. Kxh4 Nc6 68. e6 Kf8 69. Kg5 Kg7 70. h4 1-0

[Event "Guanabara op 2nd"]
[Site "Rio de Janeiro"]
[Date "2013.04.06"]
[Round "1"]
[White "Santos Filho, Tadeu Souza"]
[Black "Vilalba, Ricardo Pereira"]
[Result "0-1"]
[WhiteElo "2093"]
[BlackElo "1830"]
[PlyCount "70"]
[EventDate "2013.04.06"]
[EventType "swiss"]
[EventRounds "6"]
[EventCountry "BRA"]
[SourceTitle "EXT 2015"]
[Source "ChessBase"]
[SourceDate "2014.11.20"]
[SourceVersion "1"]
[SourceVersionDate "2014.11.20"]
[SourceQuality "1"]

1. e4 e6 2. d3 d5 3. Nd2 Nf6 4. Ngf3 c5 5. g3 Nc6 6. Bg2 Be7 7. 0-0 0-0 8. e5 Nd7 9. Re1 b5 10. h4 Nb6 11. Nf1 f6 12. exf6 Bxf6 13. Bf4 Bxb2 14. Rb1 Bc3 15. Re3 b4 16. N1h2 Na4 17. Ng5 e5 18. Qh5 h6 19. Qg6 hxg5 20. Qxc6 gxf4 21. Bxd5+ Kh8 22. Be4 fxe3 23. Qg6 exf2+ 24. Kg2 Bf5 25. Bxf5 Rxf5 26. Qxf5 Bd4 27. Ng4 Nc3 28. Qh5+ Kg8 29. Qg6 Qe7 30. Rf1 Rf8 31. Nh6+ Kh8 32. Nf5 Qf7 33. Qxf7 Rxf7 34. g4 Nd5 35. Kf3 g6 0-1

[Event "Guanabara op 1st"]
[Site "Rio de Janeiro"]
[Date "2013.02.02"]
[Round "4"]
[White "Ramos, Angelo Bil"]
[Black "Vilalba, Ricardo Pereira"]
[Result "1/2-1/2"]
[WhiteElo "2139"]
[BlackElo "1816"]
[PlyCount "88"]
[EventDate "2013.01.12"]
[EventType "swiss"]
[EventRounds "6"]
[EventCountry "BRA"]
[SourceTitle "EXT 2014"]
[Source "ChessBase"]
[SourceDate "2013.11.20"]
[SourceVersion "1"]
[SourceVersionDate "2013.11.20"]
[SourceQuality "1"]

1. e4 e6 2. d4 d5 3. Nd2 Nf6 4. e5 Nfd7 5. Bd3 c5 6. c3 Nc6 7. Ne2 cxd4 8. cxd4 f6 9. exf6 Nxf6 10. Nf3 Be7 11. 0-0 0-0 12. b3 Bd7 13. Bb2 Bd6 14. Ne5 Bxe5 15. dxe5 Ng4 16. Ng3 Ncxe5 17. Bxe5 Nxe5 18. Bxh7+ Kxh7 19. Qh5+ Kg8 20. Qxe5 Qf6 21. Qxf6 gxf6 22. Rfc1 Rac8 23. Ne2 Kf7 24. f3 e5 25. Kf2 Ke6 26. Ke3 d4+ 27. Kd2 Kd5 28. Ng3 f5 29. Rxc8 Rxc8 30. Re1 Rh8 31. Rh1 e4 32. Ne2 e3+ 33. Kd1 d3 34. Nf4+ Kd4 35. h4 Rc8 36. h5 e2+ 37. Nxe2+ dxe2+ 38. Kxe2 Rc2+ 39. Kd1 Rxg2 40. h6 Rg8 41. Ke2 Rh8 42. Rd1+ Ke5 43. Rxd7 Rxh6 44. a4 Rb6 1/2-1/2

[Event "Guanabara op 1st"]
[Site "Rio de Janeiro"]
[Date "2013.01.26"]
[Round "3"]
[White "Vilalba, Ricardo Pereira"]
[Black "Santos Filho, Tadeu Souza"]
[Result "0-1"]
[WhiteElo "1816"]
[BlackElo "2080"]
[PlyCount "67"]
[EventDate "2013.01.12"]
[EventType "swiss"]
[EventRounds "6"]
[EventCountry "BRA"]
[SourceTitle "EXT 2014"]
[Source "ChessBase"]
[SourceDate "2013.11.20"]
[SourceVersion "1"]
[SourceVersionDate "2013.11.20"]
[SourceQuality "1"]

1. c4 e6 2. Nf3 d5 3. b3 Nf6 4. g3 Be7 5. Bg2 0-0 6. 0-0 c6 7. Bb2 b6 8. e3 Bb7 9. Nc3 c5 10. Qe2 Nc6 11. cxd5 exd5 12. d4 Re8 13. Rfd1 Qc8 14. Bf1 Nb4 15. a3 Ba6 16. Nb5 Nc6 17. Rac1 Qb7 18. dxc5 bxc5 19. Bxf6 gxf6 20. Rxd5 Nd4 21. Rxd4 cxd4 22. Nfxd4 Rac8 23. Qg4+ Kh8 24. Nf5 Rg8 25. Rxc8 Qxc8 26. Qh5 Qf8 27. Nh6 Rg7 28. Nf5 Rg5 29. Qf3 Bc8 30. Bd3 Qd8 31. Nxa7 Qxd3 32. Nxe7 Bg4 33. Qxf6+ Rg7 34. Nac6 0-1

[Event "Guanabara op 1st"]
[Site "Rio de Janeiro"]
[Date "2013.01.12"]
[Round "1"]
[White "Vilalba, Ricardo Pereira"]
[Black "Maia, Marco Aurelio Ferre"]
[Result "0-1"]
[WhiteElo "1816"]
[BlackElo "2129"]
[PlyCount "124"]
[EventDate "2013.01.12"]
[EventType "swiss"]
[EventRounds "6"]
[EventCountry "BRA"]
[SourceTitle "EXT 2014"]
[Source "ChessBase"]
[SourceDate "2013.11.20"]
[SourceVersion "1"]
[SourceVersionDate "2013.11.20"]
[SourceQuality "1"]

1. c4 c6 2. Nf3 Nf6 3. g3 d5 4. b3 Bg4 5. Bg2 e6 6. 0-0 Nbd7 7. d4 Be7 8. Nbd2 0-0 9. Bb2 h6 10. Re1 Bf5 11. Rc1 Re8 12. Ne5 Bb4 13. Nxd7 Qxd7 14. a3 Ba5 15. b4 Bc7 16. e4 dxe4 17. Nxe4 Nxe4 18. Bxe4 Rad8 19. Bxf5 exf5 20. Qf3 f4 21. Rcd1 fxg3 22. hxg3 Rxe1+ 23. Rxe1 b5 24. c5 Kf8 25. Bc1 Qd5 26. Qe3 Qd7 27. Qf3 Re8 28. Re4 Rxe4 29. Qxe4 Qe6 30. Qc2 f5 31. Be3 Bxg3 32. fxg3 Qxe3+ 33. Kh2 Qe4 34. Qa2 Qxd4 35. Qe6 Qd5 36. Qg6 Qd2+ 37. Kh3 Qd7 38. Kh2 Qd5 39. Kg1 Qd4+ 40. Kh2 Qf6 41. Qh5 f4 42. gxf4 Qxf4+ 43. Kh3 Qg5 44. Qf3+ Qf6 45. Qg4 Qc3+ 46. Kh2 Qb2+ 47. Kh1 Qc1+ 48. Kh2 Qd2+ 49. Kh3 Qd3+ 50. Kh2 Qd5 51. Qg6 Qd2+ 52. Kh3 Qe3+ 53. Kh2 Qf2+ 54. Kh3 Qf6 55. Qd3 h5 56. Qd7 Qf3+ 57. Kh2 Kg8 58. Qe6+ Kh7 59. Qe7 Qf4+ 60. Kh1 h4 61. Qe6 Qf3+ 62. Kh2 h3 0-1

[Event "BRA-ch U14"]
[Site "Rio de Janeiro"]
[Date "2012.05.13"]
[Round "6"]
[White "Outi, Matheus Goya"]
[Black "Vilalba, Ricardo Pereira"]
[Result "1/2-1/2"]
[WhiteElo "1603"]
[BlackElo "1847"]
[PlyCount "67"]
[EventDate "2012.05.11"]
[EventType "swiss"]
[EventRounds "6"]
[EventCountry "BRA"]
[SourceTitle "CBM 148 Extra"]
[Source "ChessBase"]
[SourceDate "2012.06.22"]
[SourceVersion "1"]
[SourceVersionDate "2012.06.22"]
[SourceQuality "1"]

1. d4 Nf6 2. c4 g6 3. Nc3 Bg7 4. Nf3 d6 5. Bf4 0-0 6. h3 c5 7. d5 Bf5 8. e3 Qb6 9. Qb3 Ne4 10. Rc1 Nxc3 11. bxc3 Nd7 12. e4 Bxe4 13. Nd2 Nf6 14. f3 Bf5 15. g4 Bc8 16. Qc2 e5 17. Be3 Re8 18. Bd3 Qc7 19. Ne4 Nxe4 20. Bxe4 Rf8 21. g5 f5 22. gxf6 Rxf6 23. Ke2 Bf5 24. Rcg1 Qd7 25. h4 Bxe4 26. Qxe4 Qf5 27. h5 Qxe4 28. fxe4 gxh5 29. Rxh5 Rg6 30. Rgh1 Rf8 31. Rxh7 Rg2+ 32. Kd3 Rxa2 33. Rxg7+ Kxg7 34. Bh6+ 1/2-1/2

[Event "BRA-ch U14"]
[Site "Rio de Janeiro"]
[Date "2012.05.12"]
[Round "5"]
[White "Vilalba, Ricardo Pereira"]
[Black "Bassedon, Guilherme Mendes"]
[Result "0-1"]
[WhiteElo "1847"]
[BlackElo "1853"]
[PlyCount "60"]
[EventDate "2012.05.11"]
[EventType "swiss"]
[EventRounds "6"]
[EventCountry "BRA"]
[SourceTitle "CBM 148 Extra"]
[Source "ChessBase"]
[SourceDate "2012.06.22"]
[SourceVersion "1"]
[SourceVersionDate "2012.06.22"]
[SourceQuality "1"]

1. c4 Nf6 2. Nc3 d5 3. cxd5 Nxd5 4. Nf3 g6 5. g3 Bg7 6. Bg2 Nxc3 7. bxc3 0-0 8. 0-0 c5 9. Qb3 Nc6 10. d3 Rb8 11. a4 e5 12. Rb1 Qc7 13. c4 Bd7 14. Bd2 Rfe8 15. Qc2 a5 16. Bc3 Nb4 17. Qb3 Bc6 18. Bd2 Qd7 19. Bc3 Bxa4 20. Qb2 f6 21. Nd2 Bc6 22. Nb3 Bxg2 23. Kxg2 b6 24. f4 exf4 25. Rxf4 f5 26. Nc1 Rbd8 27. Na2 Re6 28. Nxb4 Bxc3 29. Qxc3 Rxe2+ 30. Kf1 axb4 0-1

[Event "BRA-ch U14"]
[Site "Rio de Janeiro"]
[Date "2012.05.12"]
[Round "3"]
[White "Vilalba, Ricardo Pereira"]
[Black "Sato, Henrique Akira Lisb"]
[Result "1-0"]
[WhiteElo "1847"]
[BlackElo "1785"]
[PlyCount "69"]
[EventDate "2012.05.11"]
[EventType "swiss"]
[EventRounds "6"]
[EventCountry "BRA"]
[SourceTitle "CBM 148 Extra"]
[Source "ChessBase"]
[SourceDate "2012.06.22"]
[SourceVersion "1"]
[SourceVersionDate "2012.06.22"]
[SourceQuality "1"]

1. c4 f5 2. Nf3 Nf6 3. Nc3 e6 4. d3 d5 5. cxd5 exd5 6. d4 c6 7. Bf4 Be7 8. e3 0-0 9. Be2 Ne4 10. Nxe4 fxe4 11. Nd2 Bg5 12. Bg3 Rf6 13. h4 Rh6 14. h5 Qe8 15. Qb3 g6 16. Be5 gxh5 17. Nxe4 Be7 18. 0-0-0 Nd7 19. Bf4 Re6 20. Ng3 h4 21. Nf5 Qd8 22. Nxe7+ Qxe7 23. Rh2 Nf8 24. Bg4 Rg6 25. Bxc8 Rxc8 26. Rdh1 b6 27. Kb1 Qe4+ 28. Qc2 Qe7 29. Qf5 Re8 30. Be5 Rg5 31. Qf3 Qe6 32. Rxh4 Qg6+ 33. Ka1 Rf5 34. Bf4 Re7 35. Rg4 1-0